00637nam a2200169Ia 4500008004100000020001800041041000800059082001800067100001900085245010800104250000600212260006500218300001200283650002000295999001900315952013300334210716s2015 xx 000 0 und d a9789352132553 aeng a621.3821 NEUM aNeuburg, Matt. aIOS 9 programming fundamentals with swift: swift xcode and cocoa basics.bswift xcode and cocoa basics. a2 aNew DelhibShroff Publishers and Distributors Pvt Ltdc2015 axxi,578 aDigital Systems c195049d195049 001040708MCAaAIMITbAIMITeKnowledge Worldg1050.00l0o621.3821 NEUMpMCA14558r2025-07-21 00:00:00v819.00w2021-07-16yBK